00454nam a22001577a 450000500170000001000150001702000260003203500140005803700130007208200060008510000150009124500410010626000440014727000800019130000250027120170417095123.0 aENG-117821 c399.00a9789350095683 aEN-101353 bDBAD/PUB aN aKay, Adity aEmperor Chandragupta /cby Adity Kay aGurgaonbHachette Book Publishingc2016 a4th & 5th Floors, Corporate Center, Plot No. 94, Sector 44bGurgaone122003 axiv,390p.c21cm(pbk)